书目信息 |
| 题名: |
建设工程合同管理
|
|
| 作者: | 贾彦芳 主编 ;环球职业教育在线 编写 | |
| 分册: | ||
| 出版信息: | 北京 中国建筑工业出版社 2011.01 |
|
| 页数: | 248页 | |
| 开本: | 26cm | |
| 丛书名: | 全国监理工程师执业资格考试辅导与实战训练 | |
| 单 册: | ||
| 中图分类: | TU723.1 | |
| 科图分类: | ||
| 主题词: | 建筑工程--jian zhu gong cheng--经济合同--管理--监理人员--资格考试--自学参考资料 | |
| 电子资源: | ||
| ISBN: | 978-7-112-12772-6 | |
| 000 | 01190nam 2200289 450 | |
| 001 | 1130411640 | |
| 005 | 20110718082714.76 | |
| 010 | @a978-7-112-12772-6@dCNY39.00 | |
| 100 | @a20110511d2011 ekmy0chiy50 ea | |
| 101 | 0 | @achi |
| 102 | @aCN@b110000 | |
| 105 | @ak q 000yy | |
| 106 | @ar | |
| 200 | 1 | @a建设工程合同管理@Ajian she gong cheng he tong guan li@e2011年版@f贾彦芳主编@g环球职业教育在线组织编写 |
| 210 | @a北京@c中国建筑工业出版社@d2011.01 | |
| 215 | @a248页@d26cm | |
| 225 | 2 | @a全国监理工程师执业资格考试辅导与实战训练@Aquan guo jian li gong cheng shi zhi ye zi ge kao shi fu dao yu shi zhan xun lian |
| 330 | @a本书内容包括:建设工程合同管理法律基础、合同法律制度、建设工程招标管理、建设工程委托监理合同、建设工程勘查设计合同管理、建设工程施工合同管理等。 | |
| 410 | 0 | @12001 @a全国监理工程师执业资格考试辅导与实战训练 |
| 517 | 1 | @a2011年版@A2011 nian ban |
| 586 | @a | |
| 606 | 0 | @a建筑工程@Ajian zhu gong cheng@x经济合同@x管理@x监理人员@x资格考试@j自学参考资料 |
| 690 | @aTU723.1@v5 | |
| 701 | 0 | @a贾彦芳@Ajia yan fang@4主编 |
| 712 | 02 | @a环球职业教育在线@Ahuan qiu zhi ye jiao yu zai xian@4编写 |
| 801 | 0 | @aCN@c20110610 |
| 905 | @dTU723.1@eJ2521@f5 | |
| 建设工程合同管理:2011年版/贾彦芳主编/环球职业教育在线组织编写.-北京:中国建筑工业出版社,2011.01 |
| 248页;26cm.-(全国监理工程师执业资格考试辅导与实战训练) |
| ISBN 978-7-112-12772-6:CNY39.00 |
| 本书内容包括:建设工程合同管理法律基础、合同法律制度、建设工程招标管理、建设工程委托监理合同、建设工程勘查设计合同管理、建设工程施工合同管理等。 |
| ● |
| 相关链接 |
|
|
|
正题名:建设工程合同管理
索取号:TU723.1/J2521
 
预约/预借
| 序号 | 登录号 | 条形码 | 馆藏地/架位号 | 状态 | 备注 |
| 1 | 885581 | 208855817 | 建筑库201/201建筑库 32排3列1层/ [索取号:TU723.1/J2521] | 在馆 | |
| 2 | 885582 | 208855826 | 建筑库201/201建筑库 32排3列1层/ [索取号:TU723.1/J2521] | 在馆 | |
| 3 | 885583 | 208855835 | 建筑库201/201建筑库 32排3列1层/ [索取号:TU723.1/J2521] | 在馆 | |
| 4 | 885584 | 208855844 | 建筑库201/201建筑库 32排3列1层/ [索取号:TU723.1/J2521] | 在馆 | |
| 5 | 885585 | 208855853 | 管理学院资料室/101建筑库 60排4列1层/ [索取号:TU723.1/J2521] | 在馆 |